00286pam a2200121 a 4500020000500000041000800005082001800013100002000031245005500051250000900106260003800115300001100153 c aeng a616.9041bLEN aLennette E.H.,. aManual Of Clinical MicrobiologyhTextual Documents a4th. aWashington :bAmerican Society . a1143p.